000 00818cam a22002897a 4500
003 CHAP
005 20220329140604.0
008 971013s1919 r 00010 d
010 _a54356
011 _a55328
035 _a59480
040 _cCHAP
090 _aFolleto 5574
100 0 0 _aSanders, G. E.
_9102031
245 1 4 _aThe fruit worms of the apple in Nova Sootia
260 _aOttawa :
_bDepartment of Agriculture,
_c1919
300 _a16 p.
_b: ilus.
490 0 _aBulletin
_v; 17
590 _aBATCH-UPD
_b10
_c20130110
_lUCH01
_h0446
590 _aCONVERSION
_b10
_c20130109
_lUCH01
_h1329
650 1 4 _aManzana
_xPlagas.
_970792
700 0 _aDustan, A. G.
_934750
830 0 _aBulletin
_v; 17
_916039
901 _aBK
942 _cFOLL
949 _aFolleto 5574
_bBC
_cFOLL
_d-128564
_eTS1
_i59480
_mD
_si
999 _c54356
_d54356